| 000 | 00928naa a22002537a 4500 | ||
|---|---|---|---|
| 001 | BR7305007 | ||
| 003 | BR-BrBNA | ||
| 005 | 20240918173502.0 | ||
| 007 | ta | ||
| 008 | 230509b bl.||||| |||| 00| 0 por d | ||
| 040 |
_aBR-BrBNA _bpor _cBiblioteca Nacional de Agricultura |
||
| 041 | _a(Pt) | ||
| 072 |
_aP05 _b8961 _bG514 |
||
| 090 | _aP05 BR7305007 | ||
| 100 | 1 | _aCuoculo, R. | |
| 111 | 1 |
_a1. Congresso Nacional de Carburantes _cRio de Janeiro, GB (Brazil) _d21 Nov 1942 |
|
| 245 | 1 | _aA realidade do alcool carburante [Brasil] | |
| 260 | 3 |
_aRio de Janeiro, GB (Brasil): _c1944. |
|
| 500 | _aAnais do 1. Congresso Nacional de Carburantes Rio de Janeiro, GB (Brasil): 1944. p. 389-398 (BR7305007-AM)P05 | ||
| 650 | _aALCOOL MOTOR | ||
| 773 | 0 |
_tAnais do 1. Congresso Nacional de Carburantes _wP05 BR7305007 _gRio de Janeiro, GB (Brasil), 1944. p. 389-398 |
|
| 909 |
_a202404 _bLucia _c55 _dLucia Elande |
||
| 942 |
_cAM _2AGRIS |
||
| 999 |
_c304914 _d304914 |
||